Zdaňovanie príjmov fyzických osôb zo zdrojov v zahraničí

Zdaňovanie fyzických osôb zo zdrojov v zahraničí - dva spôsoby. Prvý spôsob je vyňatie príjmov zo zdrojov v zahraničí zo zdanenia tzv. metóda vyňatia. Druhý spôsob je zdanenie príjmov zo zdrojov v zahraničí, pri ktorých sa počíta daň zaplatená v zahraničí na tuzemskú daňovú povinnosť tzv. metóda záp...

Descripción completa

Guardado en:
Detalles Bibliográficos
Autor principal: Lipták, Juraj
Formato: Capítulo de libro
Lenguaje:eslovaco
Materias:
Etiquetas: Agregar Etiqueta
Sin Etiquetas, Sea el primero en etiquetar este registro!

MARC

LEADER 00000naa a2200000 4500
001 r032301
005 20230929092515.3
041 0 |a slo 
044 |a SK 
245 1 0 |a Zdaňovanie príjmov fyzických osôb zo zdrojov v zahraničí  |c Juraj Lipták 
520 |a Zdaňovanie fyzických osôb zo zdrojov v zahraničí - dva spôsoby. Prvý spôsob je vyňatie príjmov zo zdrojov v zahraničí zo zdanenia tzv. metóda vyňatia. Druhý spôsob je zdanenie príjmov zo zdrojov v zahraničí, pri ktorých sa počíta daň zaplatená v zahraničí na tuzemskú daňovú povinnosť tzv. metóda zápočtu. Príklady. 
610 2 0 |a zdaňovanie 
610 2 0 |a dane z príjmov 
610 2 0 |a osoby fyzické 
610 2 0 |a metodika 
100 1 |a Lipták, Juraj